| 000 | 00918cam a2200217 a 4500 | ||
|---|---|---|---|
| 020 | _a0070125414 (acidfree paper) | ||
| 082 | 0 | 0 |
_a690 _bSTR _cL-38, P-65 |
| 245 | 0 | 0 |
_aStructural systems for tall buildings : _bsystems and concepts / _cCouncil on Tall Buildings and Urban Habitat, Committee 3 ; editorial group, Ryszard M. Kowalczyk, Robert Sinn, Max B. Kilmister ; contributors, I.D. Bennetts ... [et al.]. |
| 260 |
_aNew York : _bMcGraw-Hill, _cc1995. |
||
| 300 |
_axvii, 422 p. : _bill. ; _c24 cm. |
||
| 526 |
_a0 _b0 _c0 _d690_000000000000000_STR |
||
| 650 | 0 |
_aMCE _9379 |
|
| 650 | 0 | _aStructural engineering. | |
| 650 | 0 |
_aTall buildings _xDesign and construction. _91049 |
|
| 700 | 1 |
_aBennetts, I. D. _943246 |
|
| 700 | 1 |
_aKilmister, Max B. _943247 |
|
| 700 | 1 |
_aKowalczyk, Ryszard M. _943248 |
|
| 700 | 1 |
_aSinn, Robert. _943249 |
|
| 710 | 2 |
_aCouncil on Tall Buildings and Urban Habitat. _932234 |
|
| 942 |
_2ddc _cBK |
||
| 999 |
_c548808 _d548808 |
||